Statistics for Recognize Lana del rey song

Click here to take the quiz!

General Stats

  • This quiz has been taken 45 times
  • The average score is 13 of 16

Answer Stats

Answer% Correct
Cherry
100%
Blue jeans
95%
Radio
95%
Cola
93%
Candy necklace
90%
White dress
90%
Black bathing suit
83%
White mustang
80%
24
78%
Love
78%
Cherry blossom
75%
Heroin
75%
Fingertips
73%
Thunder
73%
National anthem
68%
Sad girl
58%

Score Distribution

Percentile by Number Answered

Percent of People with Each Score

Your Score History

You have not taken this quiz